000 00588nam a2200205Ia 4500
008 140306s9999 xx 000 0 und d
020 _a9.780439217e+012
050 _aTX 652
_b.F699 2000
100 _aFreymann, Saxton
245 _aHow are you peeling? :
_bFoods with moods /
_cSaxton Freymann
260 _aUSA :
_bScholastic Inc,
_cc2000.
300 _a30 p. :
_bcol. Ill. ;
_c30 cm.
521 _aG1
526 _cBR
650 _aEmotions
_xJuvenile literature.
650 _aEmotions.
650 _aVegetable carving
_xJuvenile literature.
942 _cBK
999 _c42870
_d42870